000 00626nam a22002057a 4500
005 20180706120042.0
010 _aENG-123393
020 _c550.00
_a9789352534340
035 _aEN-106925
037 _bDBAD/PUB
082 _a954
100 _aGrover, B L
245 0 0 _aA new look at modern indian history :
_cby B L Grover [and] Alka Mehta
_bfrom 1707 to the modern times /
250 _a32nd edn.
260 _aNew Delhi
_bS. Chand and Company
_c2018
270 _a7361, Ram Nagar,
_bNew Delhi
_e110055
300 _a582p.
_c26cm(pbk)
_bill.
700 _aMehta, Alka
942 _2ddc
_cEN
_mGRO
_h954
999 _c153482
_d153482